000 00403nam a2200157Ia 4500
008 220216s9999 xx 000 0 und d
100 _aMeenakumari T
245 0 _aRubberkrishi: Thiranjedukkam pradesathinu pattiya inam
260 _bKarshakasree
_c2021
300 _a30-33
650 _aPlanting recommendation
650 _aRRII clones
700 _aGireesh T
700 _aJacob J
942 _cJS
999 _c68285
_d68285